00357nam a2200109Ia 4500008004100000082002000041100001600061245006500077260003800142300001000180650005700190211119s9999||||xx |||||||||||||| ||und|| a305.5122bRAJ-D aRaj Kumar,  0aDalit Personal Narratives:Reading Caste, Nation and Identity bOrient BlackswanaNew Delhic2010 ax+298 aSocial sciencesvSocial groupsEnglishxGeneral Stack